000 00380 a2200169 4500
001 44763
020 _a8574090433
040 _cAnchieta - Aquarius
100 _aMelo Junior, Maurício
240 1 0 _aA revolta do cascudo
_lpor
245 1 0 _aA revolta do cascudo
300 _a36
362 0 _a1998
440 1 _aBagaço
650 4 _aLiteratura infanto-juvenil
942 _cBK
999 _c44763
_d44763